000 00701nac a22001691u 4500
008 080817s1945Uar||||r000| 000 00| 0b
082 _a269.9262
_bط و ي
110 _aLagnet Targamet Daerat Al Maaref Al Islameya
_917348
245 _aالشعراني :
_bإمام التصوف في عصره /
_cتوفيق الطويل.
260 _aالقاهرة:
_bدار احياء الكتب العربية ،
_c1945
300 _a158 ص ؛
_c24 سم.
504 _aيحتوي علي إرجاعات ببليوجرافية
511 _a Catalogued by: Sara
541 _aألف باء ؛
710 _aLagnet Targamet Daerat Al Maaref Al Islameya
_917349
942 _cBB
_k269.9262 ط و ي
_2ddc
999 _c7248
_d7248